Některé nové přístupy a zkušenosti při aplikaci výběrových přijímacích postupů

Guardado en:
Detalles Bibliográficos
Formato: Libro
Lenguaje:checo
Publicado: Praha Dům techniky ČSVTS 1985
Etiquetas: Agregar Etiqueta
Sin Etiquetas, Sea el primero en etiquetar este registro!

MARC

LEADER 00000nam a2200000 4500
001 c104370
005 20041019155131.8
041 0 |a cze 
044 |a CZ 
245 1 0 |a Některé nové přístupy a zkušenosti při aplikaci výběrových přijímacích postupů 
264 1 |a Praha  |b Dům techniky ČSVTS  |c 1985 
300 |a 124 s.